000 02715cab a2200289 a 4500
005 20260110063931.0
008 991125c2020 ag zr p o 000 0 spa d
035 _aUPN01000235711
040 _aMX-MxUPN
_bspa
_eaacr2
049 _aART-E
100 1 _aBernal Ruiz, Francisca
100 1 _aRodríguez Vera, Montserrat
100 1 _aOrtega, Alonso
245 1 0 _aEstimulación de las funciones ejecutivas y su influencia en el rendimiento académico en escolares de primero básico
_h[recurso electrónico en línea]
506 0 _aAcceso abierto
520 3 _aEl estudio de la estimulación de las funciones ejecutivas (FE) en la infancia ha generado un creciente interés investigativo en la última década, especialmente por su relación con el desempeño académico y éxito escolar. De acuerdo a esto, el presente estudio tiene por objetivo estudiar el efecto de un programa de estimulación de las FE sobre el desempeño ejecutivo y el rendimiento académico de una muestra de 43 estudiantes de primero básico de la comuna de Valparaíso (Chile), de edades entre 6 y 7 años. Para ello, se implementó un diseño factorial mixto. La intervención duró 12 semanas y se llevó a cabo en el aula, dirigida por un educador diferencial y con el apoyo de la profesora del curso. Los resultados evidencian la existencia de un efecto significativo del programa implementado en la mejora del desempeño ejecutivo de los participantes, particularmente del grupo experimental. Tales efectos no fueron replicados en el rendimiento académico, lo que podría encontrar una posible explicación en los factores contextuales relacionados con las condiciones de precariedad de la institución educativa. Se observó además un efecto diferenciado del programa sobre el componente de control inhibitorio. Los hallazgos generales ponen de manifiesto la relevancia de la estimulación de las FE en la infancia temprana y los beneficios que esto puede reportar en contextos educativos. Además, sugiere el potencial aporte de la incorporación de este tipo de intervenciones en las prácticas docentes cotidianas.
650 4 _aRendimiento académico
_93961
650 4 _aEducación básica
_97340
650 2 _aEstimulación temprana
_97970
650 2 _aDesarrollo cognoscitivo
_95390
653 0 _aFunciones ejecutivas
773 _gVol. 37, no. 1 (2020), p. 1-34
_tInterdisciplinaria : revista de psicología y ciencias afines
_x1668-7027
856 4 0 _uhttp://www.ciipme-conicet.gov.ar/ojs/index.php?journal=interdisciplinaria&page=article&op=view&path%5B%5D=384&path%5B%5D=pdf
856 4 0 _uhttp://dx.doi.org/10.16888/interd.2020.37.1.6
_zConsultar articulo completo
905 _aArticulo
942 _cART-E
999 _c207806
_d207806